| 000 | 01039nam a2200265 a 4500 | ||
|---|---|---|---|
| 999 |
_c5259 _d5259 |
||
| 005 | 20200104041557.0 | ||
| 008 | 140319b2005 ck ||||| |||| 00| 0 spa d | ||
| 020 | _a9583380717 | ||
| 040 |
_aCO-BoIAVH _cCO-BoIAVH |
||
| 041 | _aspa | ||
| 044 | _ack | ||
| 082 | 1 | 4 |
_a333.9516 _bF19p |
| 100 | 1 | 0 |
_aFandiño Lozano, Martha Teresa _d1958- |
| 245 | 1 | 0 |
_aPrioridades de conservación biológica para Colombia _cMartha Fandiño Lozano, Willem Van Wyngaarden; prefacio, R. L. (Bob) Pressey |
| 250 | _a1a. ed. | ||
| 260 |
_aBogotá: _bParques Nacionales Naturales, _bMinisterio de Ambiente, Vivienda y Desarrollo Territorial, _bEmbajada del Reino de los Países Bajos, _c2005. |
||
| 300 |
_a186 p. _bmaps., diagrs. _c26 cm. _e2 mapas |
||
| 650 | 1 | 4 | _aDiversidad biológica |
| 650 | 1 | 4 | _aEcosistemas |
| 650 | 1 | 4 | _aProtección del medio ambiente |
| 650 | 0 | 4 | _aConservación de los recursos naturales |
| 700 | 1 | 0 | _aPressey, R.L. |
| 700 | 1 | 0 | _aWyngaarden, Willem van |
| 942 |
_cLIBRO _2ddc |
||